Новаторы промышленности Ростовской области. Вып. 5: А.И. Гайдин (Запись № 9501469)

Подробности
000 -МАРКЕР
контрольное поле 01175nam2a22002411 4500
001 - ИДЕНТИФИКАТОР ЗАПИСИ
контрольное поле rc\4737151
005 - ИДЕНТИФИКАТОР ВЕРСИИ
контрольное поле 20250612164721.0
035 ## - ДРУГИЕ СИСТЕМНЫЕ НОМЕРА
Идентификатор записи (NLR Aleph) 008735489
100 ## - ДАННЫЕ ОБЩЕЙ ОБРАБОТКИ
Данные общей обработки 20130416d1960 |||y0rusy50 ca
101 0# - ЯЗЫК РЕСУРСА
Язык текста, звукозаписи и т.д. русский
102 ## - СТРАНА ПУБЛИКАЦИИ ИЛИ ПРОИЗВОДСТВА
Страна публикации российская федерация
105 ## - ПОЛЕ КОДИРОВАННЫХ ДАННЫХ: ТЕКСТОВЫЕ МАТЕРИАЛЫ, МОНОГРАФИЧЕСКИЕ
Кодированные данные о монографическом текстовом документе c z |||||
200 1# - ЗАГЛАВИЕ И СВЕДЕНИЯ ОБ ОТВЕТСТВЕННОСТИ
Основное заглавие А.И. Гайдин
210 ## - ПУБЛИКАЦИЯ, РАСПРОСТРАНЕНИЕ И ДР.
Место издания, распространения и т.д. Ростов-на-Дону
Имя издателя, распространителя и т. д. Б. и.
Дата издания, распространения и т.д. 1960
215 ## - ФИЗИЧЕСКАЯ ХАРАКТЕРИСТИКА
Специфическое обозначение материала и объем 6 с.
Другие сведения о физической характеристике портр.
461 #0 - УРОВЕНЬ НАБОРА
Встроенное поле 001rc\4737146
-- 2001#$aНоваторы промышленности Ростовской области$e(Серия кратких рекоменд. указателей)$fРост. гос. науч. б-ка им. Карла Маркса$vВып. 5
Системный номер (АБИС) связанной записи 9501441
Место публикации Ростов-на-Дону
Дата публикации 1960
Первые сведения об ответственности Рост. гос. науч. б-ка им. Карла Маркса
Имя издателя, распространителя и т.д. Б. и.
Сведения, относящиеся к заглавию (Серия кратких рекоменд. указателей)
Физическая характеристика 5 отд. брошюр в обертке
Заглавие Новаторы промышленности Ростовской области
Номер тома Вып. 5
702 #1 - ИМЯ ЛИЦА - ВТОРИЧНАЯ ОТВЕТСТВЕННОСТЬ
Начальный элемент ввода Гайдин
Часть имени, кроме начального элемента ввода А.И.
Код отношения Прочие
801 #0 - ИСТОЧНИК ЗАПИСИ
Страна российская федерация
Организация NLR
Правила каталогизации psbo
801 #1 - ИСТОЧНИК ЗАПИСИ
Страна российская федерация
Организация ELAR
Источник данных rusmarc
852 ## - МЕСТОНАХОЖДЕНИЕ И ШИФР ХРАНЕНИЯ
Идентификатор организации NLR
Шифр хранения (Call Number) С307-660/Н-72
942 ## - ДОПОЛНИТЕЛЬНЫЕ ЭЛЕМЕНТЫ ЗАПИСИ (АБИС)
Тип экземпляра АБИС Книга
980 ## - КОЛЛЕКЦИЯ
Название коллекции Национальная библиография
Экземпляры
Тип экземпляра Дата поступления Библиотека постоянного хранения Библиотека текущего хранения Место хранения Шифр хранения Штрих-код Статус не для выдачи
Книга 26.10.2013 РНБ (Московский) РНБ (Московский) Центральная справочная библиотека С307-660/Н-72 8735489-10